Score 0/65 Timer 06:00
1 Play Today
Clue 4-Letter Word % Correct
Meat from a pigPORK
98.5%
Public place where people playPARK
97.2%
Place to put items when shoppingCART
95.8%
Something thrown at a boardDART
95.5%
★ Because of his surprise victory at the 1844 Democratic convention, he is known as a '____ horse' candidate. ★DARK
94.5%
Walking stickCANE
93.4%
Common response to 'How are you?'FINE
93.2%
DiscoverFIND
92.5%
Shut a door angrilySLAM
92.3%
What appreciative audiences doCLAP
91.8%
How lemon or vinegar tastesSOUR
91.5%
A drunk might do this to his speechSLUR
90.6%
Dirty, crowded part of a citySLUM
90.5%
Ice cream delivery deviceCONE
90.2%
★ Number of ballots at the convention (On the first seven ballots, he received no votes at all!) ★NINE
89.7%
★ Oregon expansionist slogan: 'Fifty-____ Forty or Fight!' ★FOUR
89.5%
Short music or video excerptCLIP
89.4%
Cylindrical soda containersCANS
88.9%
★ US President in 1845-1849 and subject of this word ladder ★POLK
88.6%
Item in a poker potCHIP
87.6%
★ How many children he had ★NONE
87.5%
Kill a monster or other foeSLAY
86.5%
What Americans call maizeCORN
86.4%
Where an apple's seeds resideCORE
86.1%
Silly or stupid personFOOL
85.6%
It's what's for dinnerFOOD
85.4%
Athlete's infractionFOUL
85.1%
AffectionateFOND
84.8%
★ His opponent in the general election was veteran politician Henry ____, who had run twice before ★CLAY
84.3%
What electors do to their votesCAST
83.1%
What baths are taken inTUBS
82.5%
★ Unlike Rutherford B. Hayes, he did not have a beard on his this. ★CHIN
82.2%
Tonight Show host JayLENO
81.8%
Clue 4-Letter Word % Correct
A large brass instrumentTUBA
81.4%
What a hard taskmaster cracksWHIP
81.1%
Provide to a borrowerLEND
79.4%
Restore to healthCURE
78.9%
File folder protrusionsTABS
78.2%
Skin decorations, for shortTATS
78%
★ He offered $100 million to Spain for this island, but they declined. ★CUBA
77%
Group of ball playersTEAM
76.5%
Six-sided regular polyhedronCUBE
76.1%
Become part of a larger group (like Texas and the US in 1845)JOIN
75.1%
Originate a phraseCOIN
74.9%
★ Incumbent president ____ Tyler, at odds with his party, did not run. ★JOHN
74.3%
Large containers where wine fermentsVATS
74%
What Frosty is made ofSNOW
73.9%
★ Unlike William Howard Taft, he was relatively this. ★THIN
73.6%
★ True to his promise, he did not seek a second one of these. ★TERM
73.5%
★ One of his rivals for the nomination: politician and general Lewis ____ (who did get the nomination in 1848) ★CASS
73.2%
Soldiers who returned from the Mexican War, for shortVETS
72.8%
There's no business like this business.SHOW
71.4%
Watch over something, like a barTEND
70.8%
Be acquainted withKNOW
70.7%
Roy ____, McCarthy era prosecutorCOHN
69.6%
★ Like his mentor Andrew Jackson, he hailed from this state (abbrev.). ★TENN.
69.3%
★ Aforementioned opponent Henry was a leader of this political party. ★WHIG
69.1%
Site for stitchesSEAM
68.3%
A migrating sea birdTERN
68%
★ As president, he did this to Congress's Rivers and Harbors Act. ★VETO
67.1%
Pygmalion author George Bernard, or Jaws and The Sting actor RobertSHAW
66.9%
Something fake, possibly a pillow coverSHAM
63.5%
Mother of Apollo and ArtemisLETO
63.5%
★ His middle name (and his mother's maiden name); also a fort known for a precious metal ★KNOX
60.6%
Old Scottish word meaning to begTHIG
58.9%

Today's Daily Dose

Remove Ads.
Support Sporcle.
Get the best of Sporcle when you Go Orange. This ad-free experience offers more features, more stats, and more fun while also helping to support Sporcle. Thank you for becoming a member.

You're not logged in!

Compare scores with friends on all Sporcle quizzes.
OR
Log In

Show Comments

Extras

Top Quizzes Today


Score Distribution

Your Account Isn't Verified!

In order to create a playlist on Sporcle, you need to verify the email address you used during registration. Go to your Sporcle Settings to finish the process.

Report this User

Report this user for behavior that violates our Community Guidelines.

Details: